Statistics for The Seven Warring States on a Map

Click here to take the quiz!

General Stats

  • This quiz has been taken 53 times
  • The average score is 5 of 7

Answers on the Map

Answers color-coded by a green-red scale on the quiz's map according to % correct below.
 

Answer Stats

ConqueredState% Correct
230 BCHan
89%
221 BCQi
86%
223 BCChu
77%
-Qin
77%
225 BCWei
69%
222 BCYan
51%
222 BCZhao
46%

Score Distribution

Percentile by Number Answered

Percent of People with Each Score

Your Score History

You have not taken this quiz